01568nam a2200349 i 4500001001000000003000900010005001700019007000300036008004100039020001500080040003000095041000800125082002100133100003300154245007200187264005000259300005600309336002700365337003300392338002800425504003300453590002600486650003800512650003700550650012400587910003800711942001400749952020600763952011400969952012001083999001501203000002482DO-SdBNP20241205095218.0ta090702s2001 dr ac r 000 0 spa d a9993401986 aDO-SdBNPbspacBNPHUerda hspa 4a509.2bH798g2221 aHoppe, Jürgeneautor9782210aGrandes exploradores en tierras de La Española /cJürgen Hoppe. aSanto Domingo :bGrupo León Jimenes,c2001. a122 páginas :bilustraciones, retratos. ;c28 cm. ardacontentbtexto2txt ardamediabsin mediación2n ardacarrierbvolumen2nc aBibliografía : p. 121-122. aInventariado, 2018/BT 4aCientíficos97823vBiografías 4aNaturalistas97824vBiografías 4aHistoria naturalxDescubrimientos y exploracioneszLa Española (Haití y República Dominicana)97825vBiografías aValidado. Control de calidad. EMS 2ddccLBS1 00112ddc56708DSaBNPHUbBNPHUcCTd2014-03-12l0oBNPHU DS 509.2 H798gp2482-30r2020-06-25te. 3w2020-06-25yLBS1zPertenecio a la biblioteca personal de Emilio Cordero MichelZPréstamo en sala 0010718PDaPDbPDcHDd2009-07-02iLF1l0o509.2 H798gp2482-10r2020-06-25w2020-06-25yLFPDZNo se presta 0010718PDaPDbPDcHDd2011-04-28iLF1l0o509.2 H798gp2482-20r2020-06-25te. 2w2020-06-25yLFPDZNo se presta c2318d2318